वैदिक गणित समजेपर्यत जादू वाटणारे भाग 2 भागाकार आणि अपूर्णांक. (Record no. 1338733)

MARC details
000 -LEADER
fixed length control field 01535nam a2200181Ia 4500
008 - FIXED-LENGTH DATA ELEMENTS--GENERAL INFORMATION
fixed length control field 151202s9999||||xx |||||||||||||| ||und||
082 ## - DEWEY DECIMAL CLASSIFICATION NUMBER
Item number PNVM-72065
100 ## - MAIN ENTRY--PERSONAL NAME
Personal name भारतीकृष्णतीर्थजगन्नाथपुरीगोवर्धनपीठशंकराचार्य/अनु.कुलकर्णीदिलीपबापट ब. गं
245 ## - TITLE STATEMENT
Title वैदिक गणित समजेपर्यत जादू वाटणारे भाग 2 भागाकार आणि अपूर्णांक.
260 ## - PUBLICATION, DISTRIBUTION, ETC. (IMPRINT)
Name of publisher, distributor, etc "कुलकर्णी दिलीप दत्तात्रेय, पुणे."
260 ## - PUBLICATION, DISTRIBUTION, ETC. (IMPRINT)
Date of publication, distribution, etc 7206
300 ## - PHYSICAL DESCRIPTION
Extent 80
600 ## - SUBJECT ADDED ENTRY--PERSONAL NAME
Personal name भारतीकृष्णतीर्थजगन्नाथपुरीगोवर्धनपीठशंकराचार्य/अनु.कुलकर्णीदिलीपबापट ब. गं
630 ## - SUBJECT ADDED ENTRY--UNIFORM TITLE
Uniform title वैदिक गणित समजेपर्यत जादू वाटणारे भाग 2 भागाकार आणि अपूर्णांक.
700 ## - ADDED ENTRY--PERSONAL NAME
Personal name भारतीकृष्णतीर्थजगन्नाथपुरीगोवर्धनपीठशंकराचार्य/अनु.कुलकर्णीदिलीपबापट ब. गं
730 ## - ADDED ENTRY--UNIFORM TITLE
Uniform title वैदिक गणित समजेपर्यत जादू वाटणारे भाग 2 भागाकार आणि अपूर्णांक.
942 ## - ADDED ENTRY ELEMENTS (KOHA)
Koha item type Book
Holdings
Withdrawn status Lost status Damaged status Not for loan Home library Current library Date acquired Cost, normal purchase price Total Checkouts Full call number Barcode Date last seen Cost, replacement price Price effective from Koha item type
        Pune Nagar Vachan Mandir, Pune Pune Nagar Vachan Mandir, Pune 06/21/2015 0.00   PNVM-72065 PNVM-72065 12/02/2015 0.00 12/02/2015 Book